000 00475nam a22001577a 4500
999 _c17615
_d17615
008 190509b xxu||||| |||| 00| 0 eng d
020 _a8176255041(Set)
040 _aKABU
_cKABU
050 _aLA217
_b.E54 2004 v. 16 c. 1
245 _aEngels theory of education
246 _aProphets of education (a continuing series) Volume - 16
260 _aNew Delhi
_bSarup & Sons
_c2004
300 _av, 331 p.
650 _aEducation
_xPhilosophy
942 _2lcc
_cBK
_hLA217